Racionalizácia výroby skriptá pre postgraduálne štúdium "Komplexná socialistická racionalizácia v drevospracujúcom priemysle" 4

Bibliographic Details
Main Author: Novotný, Zdeněk (Author)
Format: Book
Language:Slovak
PhysicalDescription:19 s. 4°
Published: Zvolen VŠLD 1975
Edition:1. vyd.
Subjects:

MARC

LEADER 00000nam a2200000 a 4500
001 vtls008342421
003 SK-MaSNL
005 20260302003817.0
008 240314s1975 xo e n 000 0 slo
015 |a SKSNBA1975/08-01800 
035 |a SK01SNK19750034638 
035 |a SKM000037101 
040 |a SNK  |b slo  |c SNK  |e AACR2 
041 0 |a slo 
044 |a xo  |c SK 
080 |a 331.024.4:338.3(075.8)  |2 1981 
100 1 |a Novotný, Zdeněk  |4 aut  |9 378118 
245 1 0 |a Racionalizácia výroby  |b skriptá pre postgraduálne štúdium "Komplexná socialistická racionalizácia v drevospracujúcom priemysle"  |n 4  |c Zdeněk Novotný 
246 3 0 |a Komplexná socialistická racionalizácia v drevospracujúcom priemysle 
250 |a 1. vyd. 
260 |a Zvolen  |b VŠLD  |c 1975 
300 |a 19 s.  |c 4° 
366 |e 100 výt. 
500 |a Vysvetl. 
504 |a Bibliogr. odkazy 
650 0 7 |a racionalizácia výroby  |2 SNKPH  |9 307967 
655 7 |a učebnice vysokých škôl  |2 SNKPH  |9 70191 
958 |a OND 
958 |a RM 
958 |a RK 
958 |a NB 
958 |a UV 
958 |a BQ 
999 |c 993457  |d 995387 
952 |a SNK  |b SNK  |y PREZ  |7 0  |p 17A0920296  |o snkSB 21686/4  |i snkKSP 5017/75  |0 0  |1 0  |4 0  |d 2014-04-25  |f 1  |l 0  |r 2025-03-25 00:00:00  |w 2026-02-24 
952 |a SNK  |b SNK  |y VYP  |7 0  |o snkSB 21686/4 D1  |i snkKSP 5018/75  |0 0  |1 0  |4 0  |d 2014-04-25  |l 0  |r 2026-02-24 11:56:12  |w 2026-02-24